01006nam a2200253 a 450000100080000000500110000800800410001910000230006024500250008326000370010830000080014552003880015365300100054165300190055165300180057065300250058865300210061365300200063470000180065470000180067270000220069070000220071270000180073411225792016-05-11 2014 bl uuuu u0uu1 u #d1 aSCHALLENBERGER, E. aCultivares de aipim. aFlorian??polis, SC: Epagric2014 a5p. aO folder apresenta quatro novos cultivares de aipim registrados pela Epagri. SCS256 Seleto, SCS257 Esta????o EEI, SCS258 Peticinho e SCS259 Diamante. No folder consta tamb??m a origem e hit??rico do desenvolvimento da cultura e da obten????o dos cultivares. Mostra as caracter??sticas agron??micas e sensoriais de cada cultivar e as zonas agroecol??gicas recomendadas para o cultivo. aAipim aSanta Catarina aSCS256 Seleto aSCS257 Esta????o EEI aSCS258 Peticinho aSCS259 Diamante1 aREBELO, J. A.1 aCANT??, R. R.1 aMORALES, R. G. F.1 aNEUBERT, E. de O.1 aMORETO, A. L.